000 00919nam0a22002411 4500
001 rc\865942
005 20250622023147.0
035 _a(NLR Aleph) 006044973
090 _a4744164
_c4744164
100 _a20041129d1983 |||y0rusy50 ca
101 0 _arus
102 _aRU
105 _aa |||||||||
200 1 _aЭлементы графической грамоты на уроках труда [в IV-VI классах]
_e(Эксперим. материалы для проверки программы труд. обучения)
210 _aМ.
_cБ. и.
_d1983
215 _a36 с.
_cил.
_d14х20
300 _aВ надзаг.: АПН СССР, НИИ труд. обучения и проф. ориентации
700 1 _aСтражевская
_bН.Я.
_gНаталья Яковлевна
801 0 _aRU
_bNLR
_gpsbo
801 1 _aRU
_bELAR
_2rusmarc
852 _aNLR
_j84-4/15598
942 _cBOOK
980 _aNB